Cómo elaborar proyectos educativos en entornos multiculturales /

Este libro se dirige a maestros y profesores -y a quienes preparan oposiciones a un cuerpo docente-, para orientarles en lo que es o será un aspecto importante de su trabajo: la elaboración y puesta en marcha de proyectos educativos y, más concretamente, de proyectos educativos en entornos multicult...

Full description

Bibliographic Details
Main Author: Guijón, Puerta José
Other Authors: Fages, Estrella
Format: Libro
Language:Spanish
Published: Sevilla Fundación ECOEM 2008
Series:Divulgativa 15
Subjects:
Online Access:

MARC

LEADER 00000cam a2200000 a 4500
001 006262
003 UAHC_CL
005 20170803120226.0
008 110407s2008 sp 000 spa
020 |a 9788492411559 
040 |a UAHC_CL  |c UAHC_CL  |d UAHC_CL 
082 0 4 |a 306.446  |b G462  |2 22 
100 1 |a Guijón, Puerta José 
245 1 0 |a Cómo elaborar proyectos educativos en entornos multiculturales /  |c José Guijón Puerta, Estrella Fages. 
260 |b Fundación ECOEM  |a Sevilla  |c 2008 
300 |a 136 p. 
490 0 |a Divulgativa  |v 15 
520 |a Este libro se dirige a maestros y profesores -y a quienes preparan oposiciones a un cuerpo docente-, para orientarles en lo que es o será un aspecto importante de su trabajo: la elaboración y puesta en marcha de proyectos educativos y, más concretamente, de proyectos educativos en entornos multiculturales, cada vez más frecuentes en nuestro país por la llegada de un número muy importante de extranjeros, cuyos hijos son escolarizados en centros educativos, al menos hasta finalizar la educación básica, es decir, desde la Educación Infantil hasta la ESO. 
521 |a Núcleo Temático: Pedagogía diversidad y educación 
650 4 |a EDUCACION MULTICULTURAL 
650 4 |a PROYECTOS DE EDUCACION 
650 4 |a ELABORACION DE PROYECTOS 
658 |a Abett, Paloma 
700 1 |a Fages, Estrella 
900 |a 306.446 GIJ 
942 |c BK 
952 |0 0  |1 0  |4 0  |6 306_446000000000000_GIJ  |7 0  |8 General  |9 13706  |a BC  |b BC  |c General  |d 2017-08-03  |l 0  |o 306.446 GIJ  |p 1382132  |r 2026-01-13 00:00:00  |t 1  |w 2017-08-03  |y BK 
999 |c 6262  |d 6262